000 00873cam a2200217 i 4500
001 ob2008000556
005 20191205121536.0
008 080513s2007 gw ||||| |00||||ger||
020 _a9783938400203
040 _aOlszt 008/MH
_cOlszt 008/MH
041 0 _ager
_bpol
100 1 _aDyroff, Stefan
_d(1976- ).
245 0 0 _aErinnerungskultur im deutsch-polnischen Kontaktbereich :
_bBromberg und der Nordosten der Provinz Posen (Wojewodschaft Poznań) 1871-1939 /
_cStefan Dyroff.
260 _aOsnabrück :
_bfibre Verl.,
_c2007.
300 _a479 s. :
_bil. ;
_c23 cm.
440 0 _aEinzelveröffentlichungen des Deutschen Historischen Instituts Warschau
_v19.
504 _aBibliogr. s. 439-461. Indeksy.
546 _aStreszcz. w jęz. pol.
830 0 _aEinzelveröffentlichungen des Deutschen Historischen Instituts Warschau
_vBd. 19
920 _a978-3-938400-20-3
999 0 0 _a251
_c153
_d153